LEADER 01352nam a2200253 i 4500 001 000000254815 003 CaOOAMICUS 005 20231110145245.0 008 170628s1743 it u000 u lat u 013 $a233720 026 $acor, taa- Abx- Vico (3) 1743 (R) 040 $aSeMil$bita 100 1 $aCassino, Bernardino.$0(OLS)http://semarc/name/82634 245 10$aVeritas sacrarum reliquiarum in Basilica Metropolitana Mediolani existentium a Bernardino Cassino s. th. d. ss. Ambrosii, et Caroli oblato, et ejusdem basilicae caerimoniarum promagistro illustrata. 260 $aMediolani :$bEx Typographia Josephi Magantiae,$c1743. 300 $a101, [3] p. ;$c4°. 500 $aSegn.: A-K4 L-M6 650 4$aMilano - Duomo - Reliquie.$0(OLS)http://semarc/subject/42636 700 1 $aMaganza, Giuseppe,$c.$0(OLS)http://semarc/name/14998 850 $aSeMil 852 $aSeMil$W1$xVenegono$y1$m1Z I 1/5 FA$j205161$B205161$CSeMilBibl$Z2$F218659 $8I 996 $6245$aVeritas sacrarum reliquiarum in Basilica Metropolitana Mediolani existentium a Bernardino Cassino s. th. d. ss. Ambrosii, et Caroli oblato, et ejusdem basilicae caerimoniarum promagistro illustrata$9(OLS)http://semarc/title/347660 996 $6260$aMediolani :$bEx Typographia Josephi Magantiae$9(OLS)http://semarc/publisher/55000 LEADER 01457nam a2200301 4500 001 000000366053 003 CaOOAMICUS 005 20260115113040.0 008 260115s2017 xxu 000 u arc r 020 $a978-1-908659-63-7 040 $aSeMil$bita 240 10$aZohar.$0(OLS)http://semarc/title/457736 245 00$aZohar :$bthe complete original Aramaic text /$c[Kabbalah Centre International, Inc.]. 250 $aEuropa edition 264 1$aNew York ; Los Angeles :$bThe Kabbalah Centre International,$c2017. 300 $a1825 p. ;$c25 cm 500 $aIn custodia 546 $aTesto in aramaico, introduzione in inglese, spagnolo, francese, tedesco, italiano, portoghese, olandese, polacco, e turco 650 4$aCabala.$0(OLS)http://semarc/subject/3385 650 4$aBibbia. Antico Testamento. Pentateuco - Commentari, studi, critica, interpretazioni.$0(OLS)http://semarc/subject/4709 710 2 $aKabbalah Centre International.$0(OLS)http://semarc/name/123603 850 $aSeMil 852 $aSeMil$W1$xVenegono$y1$m2Y VI 139$j266074$B256825$CSeMilBibl$Z2$F256825 $81 961 $aOmaggio - Bonazzoli don Davide 996 $6020$a978-1-908659-63-7$9(OLS)http://semarc/number/305094 996 $6245$aZohar :$bthe complete original Aramaic text$9(OLS)http://semarc/title/457735 996 $6264$aNew York ; Los Angeles :$bThe Kabbalah Centre International$9(OLS)http://semarc/publisher/62838